Classroom management (secondary) /

This video follows a high school science teacher as she demonstrates how her structured and routine-based classroom environment is the key to successful behavior management and student engagement.

Bibliographic Details
Main Author: Woodson, Kellie
Other Authors: Rosen, Carole
Format: Video
Language:English
Language Notes:English.
Published: New York, NY : Teachers Network, [date of publication not identified]
Series:Education in video.
Subjects:
Online Access:Connect to this streaming video (Alexander Street Press)

MARC

Tag First Indicator Second Indicator Subfields
LEADER 00000cgm a2200000 i 4500
001 in00005533859
006 m o c
007 vz |zazu|
007 cr |n|---||a|a
008 080405nuuuuuuuunyu012 g o vleng d
005 20241201225356.4
035 |a (OCoLC)ocn733445911 
040 |a ALSTP  |b eng  |e pn  |c ALSTP  |d OCLCQ  |d VMC  |d OCLCQ  |d OCLCO  |d OCLCQ  |d OCLCF  |d OCLCO  |d OCLCQ  |d AU@  |d OCL  |d MNI  |d INT  |d OCLCQ  |d WYU  |d SFB  |d OCLCO  |d OCLCL  |d OCLCQ 
019 |a 767625739  |a 827892424 
035 |a (OCoLC)733445911  |z (OCoLC)767625739  |z (OCoLC)827892424 
050 4 |a AE5  |b .A940 Internet 
049 |a TXAM 
100 1 |a Woodson, Kellie. 
245 1 0 |a Classroom management (secondary) /  |c by Kellie Woodson. 
260 |a New York, NY :  |b Teachers Network,  |c [date of publication not identified] 
300 |a 1 online resource (12 min.) 
336 |a two-dimensional moving image  |b tdi  |2 rdacontent 
337 |a computer  |b c  |2 rdamedia 
338 |a online resource  |b cr  |2 rdacarrier 
520 |a This video follows a high school science teacher as she demonstrates how her structured and routine-based classroom environment is the key to successful behavior management and student engagement. 
521 |a For teachers of Secondary students. 
546 |a English. 
588 0 |a Print version record. 
650 0 |a Teaching  |x Methodology. 
650 0 |a Classroom management. 
650 0 |a Education, Secondary. 
650 6 |a Classes (Éducation)  |x Conduite. 
650 6 |a Enseignement secondaire. 
650 7 |a Classroom management.  |2 fast  |0 (OCoLC)fst00863730 
650 7 |a Education, Secondary.  |2 fast  |0 (OCoLC)fst00903252 
650 7 |a Teaching  |x Methodology.  |2 fast  |0 (OCoLC)fst01144598 
653 0 |a Curriculum 
655 0 |a Educational. 
655 4 |a Alexander Street Video. 
655 7 |a Educational.  |2 lcgft 
700 1 |a Rosen, Carole. 
758 |i has work:  |a Classroom Management (Secondary) (MovingImage)  |1 https://id.oclc.org/worldcat/entity/E39PD3WfQtmGcpC7PrpbKWmF6q  |4 https://id.oclc.org/worldcat/ontology/hasWork 
830 0 |a Education in video. 
856 4 0 |u http://proxy.library.tamu.edu/login?url=https://www.aspresolver.com/aspresolver.asp?AVN2;1780126  |z Connect to this streaming video (Alexander Street Press)  |t 0 
955 |a Alexander Street Press subscription streaming video 
994 |a 92  |b TXA 
999 f f |s ead81bcf-f359-4b7a-ba34-e3f411f2e038  |i 9708aa7e-8c46-481b-be8d-bf5706809b99  |t 0 
952 f f |a Texas A&M University  |b College Station  |c Electronic Resources  |d Available Online  |t 0  |e AE5 .A940 Internet  |h Library of Congress classification 
998 f f |a AE5 .A940 Internet  |t 0  |l Available Online